Intermediate economic statistics / (Record no. 2071)

MARC details
000 -LEADER
fixed length control field 00633pam a2200193 4500
001 - CONTROL NUMBER
control field 2606
005 - DATE AND TIME OF LATEST TRANSACTION
control field 20181127165345.0
008 - FIXED-LENGTH DATA ELEMENTS--GENERAL INFORMATION
fixed length control field 761220r19801968nyua b 000 0 eng
010 ## - LIBRARY OF CONGRESS CONTROL NUMBER
LC control number 76030914
100 1# - MAIN ENTRY--PERSONAL NAME
Personal name Fox, Karl August,
Dates associated with a name 1917-
245 10 - TITLE STATEMENT
Title Intermediate economic statistics /
Statement of responsibility, etc. Karl A. Fox.
250 ## - EDITION STATEMENT
Edition statement 2nd ed.
260 ## - PUBLICATION, DISTRIBUTION, ETC.
Place of publication, distribution, etc. Huntington, N.Y. :
Name of publisher, distributor, etc. John Willey & Sons, Inc.,
Date of publication, distribution, etc. 1968.
300 ## - PHYSICAL DESCRIPTION
Extent x, 568 p. :
Other physical details ill. ;
Dimensions 24 cm.
504 ## - BIBLIOGRAPHY, ETC. NOTE
Bibliography, etc. note Includes bibliographies and indexes.
505 1# - FORMATTED CONTENTS NOTE
Formatted contents note v. 1. An integration of economic theory and statistical methods.
650 #0 - SUBJECT ADDED ENTRY--TOPICAL TERM
Topical term or geographic name entry element Econometrics.
Topical term or geographic name entry element Economics
General subdivision Mathematical models.
Holdings
Withdrawn status Lost status Source of classification or shelving scheme Damaged status Not for loan Collection code Home library Current library Shelving location Serial Enumeration / chronology Inventory number Total Checkouts Full call number Barcode Date last seen Price effective from Koha item type
    Dewey Decimal Classification     Main TEST RTC Library RTC Library Main opac 457   330.015 FOX 30000549 27/11/2018 27/11/2018 Main
Royal Thimphu College || All Right Reserved